Statistics for Smallest Countries By Letter

Click here to take the quiz!

General Stats

  • This quiz has been taken 3,843 times
    (3,808 since last reset)
  • The average score is 18 of 24

Answer Stats

Letter Size (Kilometers Squared) Country % Correct
V1Vatican City
97%
Y527,970Yemen
90%
Q11,437Qatar
90%
O212,460Oman
89%
Z390,580Zimbabwe
87%
M2Monaco
87%
N21Nauru
84%
T26Tuvalu
83%
P458Palau
82%
S61San Marino
80%
A443Antigua and Barbuda
78%
F18,270Fiji
77%
H27,750Haiti
76%
B431Barbados
75%
K811Kiribati
75%
R26,338Rwanda
72%
J10,991Jamaica
72%
G344Grenada
70%
L160Liechtenstein
68%
E15,007East Timor
65%
D754Dominica
65%
C2170Comoros
63%
U83,600United Arab Emirates
51%
I20,770Israel
50%

Score Distribution

Percentile by Number Answered

Percent of People with Each Score

Your Score History

You have not taken this quiz since the last reset